| 000 | 00480nam a2200169Ia 4500 | ||
|---|---|---|---|
| 008 | 131103s9999 xx 000 0 und d | ||
| 040 | _aLoreto College | ||
| 041 | _aEnglish | ||
| 082 |
_aREF _bLCBED/10129 |
||
| 245 | 4 |
_aThe nattall dictionary of english synonyms and autonyms _cEdited by G.Elgie Christ |
|
| 260 |
_aNew Delhi _bOxford & ibh _c1983 |
||
| 300 |
_a305p. _c 22cm. |
||
| 650 | _aDictionary | ||
| 700 | _aChrist, G.Elgie; ed. | ||
| 850 | _aLCBED/REF | ||
| 942 | _cBK | ||
| 999 |
_c34602 _d85081 |
||